00185nam a2200073Ia 4500082001200000245003200012100002600044008004100070 aEJF BER 0aJackie and the pony thieves aBerrisford, Judith M.210817s9999 xx 000 0 und d